00612nam a2200169 a 450000500170000000800410001702000180005805000260007610000270010224500770012926000480020630000100025444000180026465000250028299900190030795201160032620140412111311.0010328s19uu xx 00 eng d a0-673-19612-7 aTR(GS 420.7bP37 1996 aSalazar, Mario Herrera aScott Foresman, parade-starter /cMario Herrera Salazar; Theresa Zanata. aGlenview, Illinois :bScottForesman,c1996. a77 p. aScottForesman aClassroom activities c103999d103999 001040aELbELcTRd2001-03-28eLib. Fundl0oTR(GS 420.7 P37 1996pE6238r2014-04-12 00:00:00w2014-04-12yBK